The hardest day, 18 August 1940 : Battle of Britain /

Bibliographic Details
Main Author: Price, Alfred
Format: Book
Language:English
Published: New York : C. Scribner's Sons, 1980
Edition:1st American ed.
Subjects:

MARC

Tag First Indicator Second Indicator Subfields
LEADER 00000cam a2200000 i 4500
001 in00000665231
005 20151015080207.0
008 800604r1980 nyuaf b 00110 eng
010 |a  79067779  
020 |a 0684165031 :  |c $14.95 
035 |a (OCoLC)06447140 
035 |9 ACX6028AM 
040 |a DLC  |c DLC  |d TXA  |d UtOrBLW 
043 |a e-uk---  |a e-gx--- 
049 |a TXAM  |c [1421260] 
050 0 0 |a D756.5.B7  |b P74 1980 
082 0 |a 940.54/21 
100 1 |a Price, Alfred. 
245 1 4 |a The hardest day, 18 August 1940 :  |b Battle of Britain /  |c Alfred Price. 
250 |a 1st American ed. 
264 1 |a New York :  |b C. Scribner's Sons,  |c 1980 
264 4 |c ©1979 
300 |a xv, 246 pages, 18 unnumbered leaves of plates :  |b illustrations ;  |c 22 cm. 
336 |a text  |b txt  |2 rdacontent 
337 |a unmediated  |b n  |2 rdamedia 
338 |a volume  |b nc  |2 rdacarrier 
500 |a Includes index. 
504 |a Bibliography: pages [197]-198. 
650 0 |a Britain, Battle of, Great Britain, 1940. 
999 |a MARS 
999 f f |s 8bab49d2-9878-31ed-8012-1e6f52ed6edc  |i 634698b8-007c-3519-aeb6-105c3df3aa8d  |t 0 
952 f f |p ric  |a Texas A&M University  |b Rellis Campus  |c Joint Library Facility  |d Remote Storage  |t 0  |e D756.5.B7 P74 1980  |h Library of Congress classification  |i unmediated -- volume  |m A14801890502 
998 f f |a D756.5.B7 P74 1980  |t 0  |l Remote Storage